000 01699nam a22004457a 4500
001 000095999
003 CHAP
005 20220329143135.0
008 060721d2006 mx ad r 00110 spa d
010 _a92465
011 _a93437
035 _a104011
040 _cCHAP
090 _aTesis
100 1 _aRobles Romero, Griselda
_998114
245 1 0 _aControl de la apertura floral y vida post-cosecha en rosas de corte (Rosa hybrida L.) en los cultivares Lovely Girl, Kyría, Visa y Vega /
_c/por Griselda Robles Romero.
260 _aChapingo, Méx. :
_bEl autor,
_c2006.
300 _a66 h. :
_bilus. ; gráfs. ; cuadros.
502 _aTesis (Ing. Agr. Esp. en Fitotecnia) -- UACH. Departamento de Fitotecnia
590 _aALEPH
_b10
_c20130110
_lUCH01
_h1512
590 _aBATCH-UPD
_b10
_c20130110
_lUCH01
_h1641
590 _aBATCH-UPD
_b10
_c20130410
_lUCH01
_h1032
590 _aBATCH-UPD
_b10
_c20130914
_lUCH01
_h1919
590 _aBATCH-UPD
_b10
_c20140324
_lUCH01
_h1458
590 _aBATCH-UPD
_b10
_c20141002
_lUCH01
_h0831
590 _aCONVERSION
_b10
_c20130109
_lUCH01
_h1351
590 _aE5765TAJ
_b10
_c20130604
_lUCH01
_h0929
650 1 4 _aPlantas
_xCrecimiento
_xAditivos.
_988804
650 1 4 _aPlantas
_xFloración.
_988841
650 1 4 _aRosas
_xCorte.
_999963
650 1 4 _aRosas
_xFloración.
_999972
650 1 4 _aRosas
_xTecnología postcosecha.
_999990
856 _3Finding aid
_uhttp://10.13.5.2/tesis/104011.pdf
_zTeclea aquí
901 _aBK
905 _aMarco A. Mendoza T
942 _cCD
942 _n0
949 _aTesis
_bBC
_cTES
_d00000001040111
_eTS1
_gDonaciØn
_h45542
_i104011
_sb
949 _aTesis
_bBC
_cTES
_d33724000991212
_eTS2
_fc.2
_gDonaciØn
_h45543
_i104011
_si
999 _c92465
_d92465